Vista normal
Vista MARC
Entrada Personal Name
Número de registros utilizados en: 1
001 - CONTROL NUMBER
- control field: 22727
003 - CONTROL NUMBER IDENTIFIER
- control field: OSt
005 - DATE AND TIME OF LATEST TRANSACTION
- control field: 20230915230849.0
008 - FIXED-LENGTH DATA ELEMENTS
- fixed length control field: 230915|| aca||aabn | a|a d
040 ## - CATALOGING SOURCE
- Original cataloging agency: OSt
- Transcribing agency: OSt
100 ## - HEADING--PERSONAL NAME
- Personal name: Restrepo Yusti, Manuel
670 ## - SOURCE DATA FOUND
- Source citation: Work cat.: (OSt)25875: Restrepo Yusti, Manuel, Escuela y desplazamiento , una propuesta para las emergencias educativas en los tiempos de guerra, Imprenta Nacional